000 00510nam a2200205Ia 4500
003 OSt
005 20221007083217.0
006 a|||||r|||| 00| 0
007 ta
008 221006b |||||||| |||| 00| 0 eng d
024 _a23,583
037 _cTextual
040 _aFLL
_cFLL
_beng
041 _2eng
_aeng
100 _aBatra T.S.
245 0 _aRight of states to use force and article 51 of the U.N. charter.
260 _c1977
942 _cTEXL
_2CC
999 _c1169227
_d1169227